| 000 | 01121cam a22002054a 4500 | ||
|---|---|---|---|
| 005 | 20250605164217.0 | ||
| 008 | 250528s ||||||||||||||||||||||||d | ||
| 035 | _a20495 | ||
| 020 | _a673388697 | ||
| 040 |
_aGR-AtMCL _bgre _dGR-AtMCL _eAACR2 |
||
| 245 | 1 | _aCivilization / Past & Present; Seventh Edition | |
| 250 | _a7th | ||
| 260 |
_bHarper Collins Publishers, _c1991 |
||
| 300 | _a1056 | ||
| 520 | _aThe first American college textbook to chronicle the evolution of humanity from earliest times to the present. Golden Anniversary Edition. Maps, Foreword, Preface, Prologue, The Crisis of the Old Regime, The European shadow over Africa and Asia, Europe Transformed, Revolution and Reaction and Reform, Society and Politics and Culture, The Foundations of European Global Dominance, The Middle East and Africa, South and East Asia, The eclipse of the democracies, The Quest for total Power, Asia and Africa in the Interwar World, Toward the Third Millennium, Toward the Twenty-First Century, Index, Reference Maps. | ||
| 700 | 1 |
_aWallbank Walter _96477 |
|
| 942 | _cBK | ||
| 999 |
_c5597 _d5597 |
||